Dryden, poetry and prose : (Record no. 20255)
[ view plain ]
| 000 -LEADER | |
|---|---|
| fixed length control field | 00672nam a22002057a 4500 |
| 001 - CONTROL NUMBER | |
| control field | 20255 |
| 003 - CONTROL NUMBER IDENTIFIER | |
| rucl marc code | BD-RjUL |
| 005 - DATE AND TIME OF LATEST TRANSACTION | |
| control field | 20211209000536.0 |
| 008 - FIXED-LENGTH DATA ELEMENTS--GENERAL INFORMATION | |
| fixed length control field | 140227r19551925enk 000 0 eng d |
| 035 ## - SYSTEM CONTROL NUMBER | |
| System control number | (BD-RjUL)20317 |
| 040 ## - CATALOGING SOURCE | |
| Original cataloging agency | BD-RjUL |
| Language of cataloging | eng |
| Transcribing agency | BD-RjUL |
| 041 ## - LANGUAGE CODE | |
| Language code of text/sound track or separate title | eng |
| 082 ## - DEWEY DECIMAL CLASSIFICATION NUMBER | |
| Classification number | 821.4 |
| Author mark and year | DRD 1955 |
| 100 1# - MAIN ENTRY--PERSONAL NAME | |
| Personal name | Dryden, John |
| 9 (RLIN) | 62436 |
| 245 00 - TITLE STATEMENT | |
| Title | Dryden, poetry and prose : |
| Remainder of title | with essays by Congreve, Johnson, Scott and others / |
| Statement of responsibility, etc. | with an introduction and notes by David Nichol Smith. |
| 260 ## - PUBLICATION, DISTRIBUTION, ETC. (IMPRINT) | |
| Place of publication, distribution, etc. | London ; |
| -- | Oxford: |
| Name of publisher, distributor, etc. | Clarendon, |
| Date of publication, distribution, etc. | 1925 [Reprinted 1951,1955]. |
| 300 ## - PHYSICAL DESCRIPTION | |
| Pagination | xvi, 204 p. ; |
| Size | 18 cm. |
| 650 #0 - SUBJECT ADDED ENTRY--TOPICAL TERM | |
| Topical term or geographic name as entry element | Dryden, John, |
| Chronological subdivision | 1631-1700. |
| 9 (RLIN) | 62437 |
| 942 ## - ADDED ENTRY ELEMENTS (KOHA) | |
| Source of classification or shelving scheme | Dewey Decimal Classification |
| Koha item type | Books |
| Lost status | Source of classification or shelving scheme | Damaged status | Not for loan | Collection code | Permanent Location | Current Location | Shelving location | Date acquired | Source of acquisition | Cost, normal purchase price | Total Checkouts | Full call number | Date last seen | Copy number | Koha item type |
|---|---|---|---|---|---|---|---|---|---|---|---|---|---|---|---|
| Dewey Decimal Classification | Non-fiction | Central Library, University of Rajshahi | Central Library, University of Rajshahi | 12/02/1963 | Zetlinger | 9.60 | 821.4 DRD 1955 | 27/02/2014 | C-3 | Books | |||||
| Dewey Decimal Classification | Not For Loan | Non-fiction | Central Library, University of Rajshahi | Central Library, University of Rajshahi | Reading Room | 03/03/2020 | 821.4 DRD 1951 | 03/03/2020 | C-1 | Books | |||||
| Dewey Decimal Classification | Non-fiction | Central Library, University of Rajshahi | Central Library, University of Rajshahi | 20/01/1955 | M.B.P. Dacca | 4.10 | 821.4 DRD 1955 | 04/03/2020 | C-2 | Books |